[Event "Lichtenrader Herbst 2019"]
[Site "Berlin"]
[Date "2019.10.17"]
[Round "6.23"]
[White "Hofmeister, Frank"]
[Black "Spors, Carl Philip"]
[Result "0-1"]
[WhiteElo "1827"]
[BlackElo "1971"]
[PlyCount "70"]
[EventDate "2019.??.??"]

1. e4 c5 2. Nf3 d6 3. d4 cxd4 4. Nxd4 Nf6 5. Nc3 a6 6. Bc4 e6 7. Bb3 b5 8. O-O
Be7 9. f3 O-O 10. Be3 Qc7 11. Qe1 Nc6 12. Qg3 Kh8 13. Rac1 Na5 14. Nce2 Nc4 15.
Bxc4 Qxc4 16. b3 Qc7 17. c4 bxc4 18. Rxc4 Qb7 19. Rfc1 Ne8 20. Nc6 d5 21. R4c2
Ba3 22. Rd1 dxe4 23. fxe4 Bd7 24. Na5 Qxe4 25. Rc4 Qf5 26. Rxd7 Qxa5 27. Bd2
Qh5 28. Qd3 Nf6 29. Rb7 Rad8 30. Qe3 Ng4 31. Qf4 Bc5+ 32. Kf1 Nxh2+ 33. Ke1 Bd6
34. Qh4 Qd5 35. Rd4 Qxb7 0-1

[Event "Lichtenrader Herbst 2019"]
[Site "Berlin"]
[Date "2019.10.17"]
[Round "6.24"]
[White "Schmalzried, Volker"]
[Black "Harutyunyan, Axel"]
[Result "0-1"]
[WhiteElo "1808"]
[BlackElo "1909"]
[PlyCount "52"]
[EventDate "2019.??.??"]

1. c4 e5 2. Nc3 Bb4 3. g3 Bxc3 4. bxc3 Nc6 5. Bg2 d6 6. d3 f5 7. Nf3 Nf6 8. O-O
O-O 9. Rb1 Qe8 10. a4 Qh5 11. Bd2 f4 12. gxf4 Bh3 13. Bxh3 Qxh3 14. Kh1 Ng4 15.
Qe1 exf4 16. Rg1 Nce5 17. Qf1 Nxf3 18. Qxh3 Nxf2+ 19. Kg2 Nxh3 20. Kxf3 Nxg1+
21. Rxg1 Rf5 22. h4 Raf8 23. Rg4 h6 24. Ke4 f3 25. exf3 Re5+ 26. Kd4 c5# 0-1

[Event "Lichtenrader Herbst 2019"]
[Site "Berlin"]
[Date "2019.10.17"]
[Round "6.25"]
[White "Grozea, Filip"]
[Black "Alten, Silvio"]
[Result "1/2-1/2"]
[WhiteElo "1724"]
[BlackElo "1893"]
[PlyCount "23"]
[EventDate "2019.??.??"]

1. e4 e6 2. c4 d5 3. exd5 exd5 4. cxd5 Nf6 5. Nc3 Nxd5 6. Bc4 Nb6 7. Bb3 Nc6 8.
Nf3 Qe7+ 9. Qe2 Bg4 10. Qxe7+ Bxe7 11. Nb5 O-O-O 12. Bd1 1/2-1/2

[Event "Lichtenrader Herbst 2019"]
[Site "Berlin"]
[Date "2019.10.17"]
[Round "6.26"]
[White "Bandow, Alexander"]
[Black "Froehlich, Sergej"]
[Result "0-1"]
[WhiteElo "2067"]
[BlackElo "1763"]
[PlyCount "28"]
[EventDate "2019.??.??"]

1. c4 c6 2. g3 d5 3. d4 Nf6 4. Bg2 e6 5. Nc3 Be7 6. e4 O-O 7. e5 Ne8 8. cxd5
exd5 9. f4 f6 10. Nf3 Bg4 11. Qb3 Bxf3 12. Bxf3 Nc7 13. Qxb7 fxe5 14. dxe5 Nba6
{Handyklingeln} 0-1

[Event "Lichtenrader Herbst 2019"]
[Site "Berlin"]
[Date "2019.10.17"]
[Round "6.27"]
[White "Guder, Sibylle"]
[Black "Boldt, Timo"]
[Result "1-0"]
[WhiteElo "1915"]
[BlackElo "1653"]
[PlyCount "42"]
[EventDate "2019.??.??"]

1. e4 c5 2. Nc3 Nc6 3. f4 d6 4. Bb5 Bd7 5. Nf3 a6 6. Bxc6 Bxc6 7. O-O Nf6 8. d3
g6 9. Qe1 Bg7 10. Kh1 Qc7 11. e5 dxe5 12. fxe5 Nd5 13. Ne4 O-O-O 14. Nxc5 Qb6
15. Qf2 f6 16. Ne6 Qxf2 17. Rxf2 Rdg8 18. Nxg7 Rxg7 19. Bd2 Rf7 20. Nd4 g5 21.
Nxc6 bxc6 1-0

[Event "Lichtenrader Herbst 2019"]
[Site "Berlin"]
[Date "2019.10.17"]
[Round "6.28"]
[White "Kraft, Adrian"]
[Black "Bender, Sebastian"]
[Result "0-1"]
[WhiteElo "1672"]
[BlackElo "1911"]
[PlyCount "80"]
[EventDate "2019.??.??"]

1. c4 d6 2. Nc3 e5 3. g3 f5 4. Bg2 Nf6 5. d3 Be7 6. Nf3 O-O 7. O-O c6 8. b4 Na6
9. Qb3 Nc7 10. Ng5 Qe8 11. c5+ d5 12. e4 h6 13. Nf3 fxe4 14. dxe4 Be6 15. Qc2
d4 16. Nd1 Qh5 17. Nb2 Bg4 18. Qb3+ Kh8 19. Nc4 Nd7 20. Nfd2 Nb5 21. Nb1 Be6
22. Qc2 Qf7 23. Ncd2 a5 24. a4 axb4 25. f4 Bxc5 26. Kh1 Qh5 27. f5 Bg8 28. Bf3
Qf7 29. f6 g5 30. Bg4 Nc3 31. Nxc3 bxc3 32. Nf3 Qc4 33. Bxg5 hxg5 34. Bxd7 Rxf6
35. Qc1 Qf7 36. Bf5 Rxf5 37. exf5 Qxf5 38. h4 Qh3+ 39. Nh2 Bd5+ 40. Kg1 Qg2#
0-1

[Event "Lichtenrader Herbst 2019"]
[Site "Berlin"]
[Date "2019.10.17"]
[Round "6.29"]
[White "Al Ahmad, Khaled"]
[Black "Fenske, Nils"]
[Result "1-0"]
[WhiteElo "1718"]
[BlackElo "1821"]
[PlyCount "111"]
[EventDate "2019.??.??"]

1. Nf3 Nf6 2. d4 g6 3. c4 Bg7 4. Nc3 O-O 5. Bg5 h6 6. Bh4 d6 7. Qc2 c5 8. d5 a6
9. e3 Qa5 10. Bd3 b5 11. O-O bxc4 12. Bxc4 Bf5 13. e4 Bg4 14. Nd2 Bd7 15. a4 g5
16. Bg3 Nh5 17. Bd3 Qc7 18. Nc4 Nxg3 19. hxg3 a5 20. f4 Bd4+ 21. Kh2 Kg7 22.
Qd2 g4 23. Rae1 e5 24. Ne2 f6 25. Nxd4 cxd4 26. Rc1 Bxa4 27. Nxe5 Qa7 28. Nxg4
h5 29. Nf2 Nd7 30. Bb1 Rab8 31. Nd3 Bb5 32. Rf2 Qb6 33. e5 f5 34. e6 Nf6 35.
Qd1 Nxd5 36. Kg1 Be8 37. Ne1 Ne3 38. Qd2 Rf6 39. Nf3 Ng4 40. Rff1 d3+ 41. Kh1
Qxb2 42. Qxa5 Rb5 43. Qa7+ Rb7 44. Rc7+ Rxc7 45. Qxc7+ Kh8 46. Qxd6 Ne3 47. Rg1
Qb3 48. Ng5 Ng4 49. Qe7 Bg6 50. Rc1 Qb8 51. Qd7 Rf8 52. e7 Rg8 53. Qd4+ Rg7 54.
Ne6 Ne5 55. Nxg7 Kxg7 56. Bxd3 1-0

[Event "Lichtenrader Herbst 2019"]
[Site "Berlin"]
[Date "2019.10.17"]
[Round "6.30"]
[White "Schulz, Stefan"]
[Black "Dathe, Frederick"]
[Result "1/2-1/2"]
[WhiteElo "1876"]
[BlackElo "2084"]
[PlyCount "34"]
[EventDate "2019.??.??"]

1. e4 c5 2. Nf3 Nc6 3. d4 cxd4 4. Nxd4 g6 5. Nc3 Bg7 6. Be3 Nf6 7. Bc4 O-O 8.
Bb3 a5 9. f3 d5 10. Bxd5 Nxd5 11. Nxd5 f5 12. Nxc6 bxc6 13. Nb6 Rb8 14. Qxd8
Rxd8 15. Rd1 Rxd1+ 16. Kxd1 Bxb2 17. Nxc8 Rxc8 1/2-1/2

[Event "Lichtenrader Herbst 2019"]
[Site "Berlin"]
[Date "2019.10.18"]
[Round "7.4"]
[White "Roehr, Tobias"]
[Black "Matthes, Aaron"]
[Result "0-1"]
[WhiteElo "2123"]
[BlackElo "1995"]
[PlyCount "76"]
[EventDate "2019.??.??"]

1. d4 Nf6 2. c4 e6 3. Nf3 d5 4. Nc3 Be7 5. Bg5 O-O 6. cxd5 exd5 7. e3 b6 8. Bd3
Bb7 9. Qc2 Nbd7 10. O-O h6 11. Bf4 c5 12. h3 Re8 13. Nb5 Rf8 14. Nd6 Bxd6 15.
Bxd6 c4 16. Be2 Re8 17. Nd2 b5 18. a4 Nb6 19. Be5 Nxa4 20. b3 Nb6 21. bxc4 Nxc4
22. Nxc4 dxc4 23. Qb2 Qd5 24. f3 Qc6 25. e4 Rxe5 26. dxe5 Nd7 27. Rab1 a6 28.
Kh1 Qe6 29. Rfd1 Rc8 30. Rd6 Qe7 31. Rc1 Nxe5 32. Rb6 Rc7 33. Qd4 Nc6 34. Qe3
Rd7 35. f4 Nb4 36. Rc3 Bxe4 37. Rb8+ Kh7 38. Rc1 Bxg2+ 0-1

[Event "Lichtenrader Herbst 2019"]
[Site "Berlin"]
[Date "2019.10.18"]
[Round "7.9"]
[White "Spors, Carl Philip"]
[Black "Budt, Matthias"]
[Result "1-0"]
[WhiteElo "1971"]
[BlackElo "2188"]
[PlyCount "115"]
[EventDate "2019.??.??"]

1. e4 c6 2. Nc3 d5 3. Qe2 e6 4. g3 Nf6 5. Bg2 dxe4 6. Nxe4 Nxe4 7. Bxe4 Nd7 8.
Bg2 Nf6 9. d3 Bd6 10. Bd2 Nd5 11. Nf3 Qb6 12. O-O Qxb2 13. c4 Ne7 14. Rfb1 Qf6
15. d4 Nf5 16. Bc3 Qe7 17. c5 Bc7 18. a4 O-O 19. a5 a6 20. Qb2 f6 21. g4 Nh6
22. h3 Nf7 23. Re1 Nd8 24. Re2 Bd7 25. Nd2 Be8 26. Nc4 Bg6 27. Qd2 Qd7 28. f4
Kh8 29. Bb4 Nf7 30. Rae1 Rae8 31. Bc3 Nd8 32. Bf3 Bf7 33. Nd6 Bxd6 34. cxd6 Bg6
35. h4 h6 36. Bb4 Rg8 37. Qe3 Bf7 38. Kf2 Bg6 39. h5 Bf7 40. g5 fxg5 41. fxg5
Rgf8 42. Kg2 hxg5 43. Qxg5 Bg8 44. Rh1 Nf7 45. Qg3 Nh6 46. Be4 Nf5 47. Qe5 Rf6
48. Kg1 Ref8 49. Bd3 Nh6 50. Rg2 Bh7 51. Bg6 Rf1+ 52. Kh2 Qd8 53. Rxf1 Rxf1 54.
Qg5 Rf6 55. Bxh7 Qd7 56. Be4 Qf7 57. Bg6 Qd7 58. Be8 1-0

[Event "Lichtenrader Herbst 2019"]
[Site "Berlin"]
[Date "2019.10.18"]
[Round "7.10"]
[White "Katzir, Moshe"]
[Black "Arndt, Uwe"]
[Result "1-0"]
[WhiteElo "2125"]
[BlackElo "1942"]
[PlyCount "51"]
[EventDate "2019.??.??"]

1. e4 c6 2. d4 d5 3. Nc3 dxe4 4. Nxe4 Nd7 5. Bd3 Ngf6 6. Ng5 e6 7. Qe2 Bd6 8.
N1f3 h6 9. Ne4 Nxe4 10. Qxe4 Nf6 11. Qe2 O-O 12. O-O b6 13. Ne5 Bb7 14. Bf4 Rc8
15. Rfd1 Qc7 16. c4 c5 17. dxc5 Qxc5 18. Nd7 Nxd7 19. Bxd6 Qc6 20. f3 Nc5 21.
Bxf8 Kxf8 22. Bc2 a5 23. b3 Qc7 24. Rd2 Qf4 25. Re1 e5 26. Qxe5 1-0

[Event "Lichtenrader Herbst 2019"]
[Site "Berlin"]
[Date "2019.10.18"]
[Round "7.11"]
[White "Wierzbicki, Jirawat"]
[Black "Rosmait, Emily"]
[Result "1-0"]
[WhiteElo "2114"]
[BlackElo "1908"]
[PlyCount "47"]
[EventDate "2019.??.??"]

1. e4 d6 2. d4 Nf6 3. Bd3 e5 4. c3 g6 5. Nf3 Nbd7 6. O-O Bg7 7. Re1 O-O 8. Nbd2
Re8 9. Qe2 d5 10. Nxe5 Nxe5 11. dxe5 Rxe5 12. f4 Re8 13. e5 d4 14. c4 c5 15.
Qf3 Ng4 16. h3 Qh4 17. Re2 Ne3 18. Ne4 g5 19. Bxe3 dxe3 20. Nxg5 Bxe5 21. g3
Qh6 22. Qe4 Kg7 23. Qd5 Re7 24. Nxf7 1-0

[Event "Lichtenrader Herbst 2019"]
[Site "Berlin"]
[Date "2019.10.18"]
[Round "7.12"]
[White "Tschernatsch, Johannes"]
[Black "Guenther, Thomas"]
[Result "1/2-1/2"]
[WhiteElo "2132"]
[BlackElo "1966"]
[PlyCount "138"]
[EventDate "2019.??.??"]

1. e4 c5 2. Nf3 Nc6 3. d4 cxd4 4. Nxd4 Nf6 5. Nc3 d6 6. Bg5 e6 7. Qd2 a6 8.
O-O-O Bd7 9. f4 Be7 10. Be2 O-O 11. g4 Nxd4 12. Qxd4 Bc6 13. h4 Qc7 14. h5 e5
15. Qd3 Rac8 16. Bxf6 Bxf6 17. g5 Be7 18. Bg4 Rcd8 19. Qe3 d5 20. exd5 exf4 21.
Qe4 Be8 22. Bf5 Bxg5 23. Bxh7+ Kh8 24. Bf5 Bh6 25. Qf3 Qb6 26. Rhe1 Bd7 27.
Bxd7 Rxd7 28. Re4 Qf6 29. Rde1 Qg5 30. Re8 Rd8 31. Rxf8+ Rxf8 32. Kb1 Rd8 33.
a4 Qg3 34. Qe4 f3 35. Rf1 f2 36. Qe7 Rg8 37. Qxf7 Bf4 38. Ne4 Qg1 39. Nd2 Bxd2
40. Qxf2 Qxf2 41. Rxf2 Bb4 42. Rf7 b6 43. c3 Bd6 44. h6 g5 45. Rf6 g4 46. Rxd6
g3 47. Re6 g2 48. Re1 g1=Q 49. Rxg1 Rxg1+ 50. Kc2 Rh1 51. c4 a5 52. Kc3 Rxh6
53. c5 Rh3+ 54. Kc4 Rh4+ 55. Kb5 Rb4+ 56. Kc6 bxc5 57. d6 Rxb2 58. Kxc5 Rd2 59.
Kb5 Rxd6 60. Kxa5 Kg8 61. Kb5 Kf7 62. a5 Ke7 63. a6 Rd1 64. a7 Ra1 65. Kb6 Kd7
66. Kb7 Rb1+ 67. Ka8 Rh1 68. Kb7 Rb1+ 69. Ka8 Rb2 1/2-1/2

[Event "Lichtenrader Herbst 2019"]
[Site "Berlin"]
[Date "2019.10.18"]
[Round "7.13"]
[White "Harutyunyan, Axel"]
[Black "Jaeschke, Jens-Uwe"]
[Result "0-1"]
[WhiteElo "1909"]
[BlackElo "2116"]
[PlyCount "73"]
[EventDate "2019.??.??"]

1. e4 c6 2. d4 d5 3. e5 Bf5 4. Ne2 Qb6 5. Ng3 Bd7 6. c4 e6 7. c5 Qc7 8. Be3 b6
9. cxb6 axb6 10. Nc3 Bb4 11. Qg4 g6 12. Bd3 c5 13. O-O c4 14. Bc2 Na6 15. a3
Be7 16. Rfc1 Qd8 17. Qh3 b5 18. b3 h5 19. bxc4 bxc4 20. Nge2 Nh6 21. Bd2 Kf8
22. Nf4 Nc7 23. Qf3 Kg7 24. a4 Rb8 25. Rcb1 h4 26. g4 hxg3 27. hxg3 Nf5 28.
Bxf5 exf5 29. Qd1 Be6 30. a5 g5 31. Ng2 Rxb1 32. Qxb1 Qg8 33. Kf1 Qh7 34. Ne3
Qh3+ 35. Ke1 f4 36. Nf1 f3 37. Qb7 0-1

[Event "Lichtenrader Herbst 2019"]
[Site "Berlin"]
[Date "2019.10.18"]
[Round "7.14"]
[White "Gebigke, Martin"]
[Black "Guder, Sibylle"]
[Result "1-0"]
[WhiteElo "2068"]
[BlackElo "1915"]
[PlyCount "73"]
[EventDate "2019.??.??"]

1. d4 Nf6 2. c4 c5 3. d5 d6 4. Nc3 g6 5. e4 Bg7 6. Bd3 O-O 7. h3 e6 8. Nf3 exd5
9. cxd5 Re8 10. O-O a6 11. a4 Nbd7 12. Re1 Nh5 13. Bg5 Bf6 14. Be3 Ne5 15. Be2
Nxf3+ 16. Bxf3 Ng7 17. Qd2 Bd7 18. Rab1 b5 19. axb5 axb5 20. b4 c4 21. Ra1 Qc7
22. g4 Qb7 23. Rac1 Ra3 24. Bg2 Rea8 25. g5 Be7 26. Bd4 Ne8 27. Qf4 Bf8 28. e5
Bf5 29. e6 R8a6 30. Re3 Ra1 31. Rxa1 Rxa1+ 32. Kh2 Ra6 33. Ne2 Ng7 34. Bc3 Nh5
35. Qd4 Bg7 36. e7 Be5+ 37. Rxe5 1-0

[Event "Lichtenrader Herbst 2019"]
[Site "Berlin"]
[Date "2019.10.18"]
[Round "7.15"]
[White "Bender, Sebastian"]
[Black "Miettinen, Teemu"]
[Result "0-1"]
[WhiteElo "1911"]
[BlackElo "2032"]
[PlyCount "43"]
[EventDate "2019.??.??"]

1. e4 e5 2. Nf3 Nc6 3. Bb5 a6 4. Ba4 Nf6 5. O-O b5 6. Bb3 Bc5 7. c3 d6 8. d4
Bb6 9. Be3 O-O 10. Nbd2 Rb8 11. h3 Re8 12. dxe5 dxe5 13. Bxb6 Rxb6 14. Qe2 Na5
15. Bc2 Nh5 16. b4 Nf4 17. Qe3 Rg6 18. g3 Qd7 19. Nh4 Qxh3 20. Ndf3 Nc4 21. Qc1
Bg4 22. Nxe5 0-1

[Event "Lichtenrader Herbst 2019"]
[Site "Berlin"]
[Date "2019.10.18"]
[Round "7.16"]
[White "Froehlich, Sergej"]
[Black "Lopez Gomez, Jose Pablo"]
[Result "0-1"]
[WhiteElo "1763"]
[BlackElo "2064"]
[PlyCount "114"]
[EventDate "2019.??.??"]

1. d4 Nf6 2. c4 g6 3. Nf3 Bg7 4. g3 O-O 5. Bg2 c5 6. d5 d6 7. O-O Na6 8. Nc3
Rb8 9. e4 Nc7 10. Re1 Nd7 11. Bf4 f6 12. Qd2 a6 13. Bh6 b5 14. Bxg7 Kxg7 15.
cxb5 axb5 16. b3 b4 17. Ne2 Nb5 18. Nh4 Na3 19. Bh3 Ne5 20. Bxc8 Qxc8 21. Nf4
Kg8 22. Ne6 Rf7 23. f4 Nd7 24. Qe2 Nf8 25. f5 g5 26. Nf3 Nxe6 27. fxe6 Rg7 28.
Rac1 Nb5 29. Rc2 Qe8 30. Qf2 Qg6 31. Qe2 Qh5 32. Qf2 Qh3 33. Qf1 Qg4 34. Qf2 h5
35. Kg2 h4 36. h3 Qxg3+ 37. Qxg3 hxg3 38. Kxg3 Kh7 39. Rh1 Nc3 40. Re1 Rbg8 41.
Nd2 Nb5 42. Nc4 Nd4 43. Rf2 Kg6 44. Ne3 Rh7 45. Nf5 Rgh8 46. Rh1 Nxf5+ 47.
exf5+ Kg7 48. Rhh2 Rh4 49. Rc2 Rd4 50. Rcd2 Rhh4 51. Rxd4 Rxd4 52. h4 Rxd5 53.
Kg4 Rd4+ 54. Kh5 Rxh4+ 55. Rxh4 gxh4 56. Kxh4 d5 57. Kg4 Kh6 0-1

[Event "Lichtenrader Herbst 2019"]
[Site "Berlin"]
[Date "2019.10.18"]
[Round "7.17"]
[White "Roehr, Oliver"]
[Black "Schnabel, Luise"]
[Result "1-0"]
[WhiteElo "1987"]
[BlackElo "1900"]
[PlyCount "47"]
[EventDate "2019.??.??"]

1. e4 Nf6 2. e5 Nd5 3. d4 d6 4. c4 Nb6 5. exd6 cxd6 6. Nc3 g6 7. Be3 Bg7 8. Rc1
O-O 9. b3 Nc6 10. d5 Ne5 11. Be2 h5 12. Nf3 Nxf3+ 13. Bxf3 Bf5 14. O-O Rc8 15.
h3 Re8 16. Bd4 Bh6 17. g4 hxg4 18. hxg4 Bxc1 19. Qxc1 e5 20. Bxb6 axb6 21. gxf5
gxf5 22. Qh6 e4 23. Kh1 f6 24. Rg1+ 1-0

[Event "Lichtenrader Herbst 2019"]
[Site "Berlin"]
[Date "2019.10.18"]
[Round "7.19"]
[White "Hommel, Niclas"]
[Black "Rouditser, Benjamin"]
[Result "1-0"]
[WhiteElo "2065"]
[BlackElo "1853"]
[PlyCount "59"]
[EventDate "2019.??.??"]

1. e4 c6 2. c4 d5 3. exd5 cxd5 4. cxd5 Nf6 5. Qa4+ Nbd7 6. Nc3 g6 7. Nf3 Bg7 8.
Bc4 O-O 9. d3 a6 10. Qa3 b6 11. O-O Bb7 12. Re1 Re8 13. Bf4 b5 14. Bb3 Nb6 15.
d6 e6 16. Ng5 Nfd5 17. Nxd5 Nxd5 18. Bxd5 Bxd5 19. Ne4 Qb6 20. Be3 b4 21. Qa4
Qc6 22. Qxc6 Bxc6 23. Rac1 Bxe4 24. dxe4 Bxb2 25. Rc6 Rec8 26. Rxc8+ Rxc8 27.
d7 Ra8 28. Bb6 Bf6 29. Rc1 Rd8 30. Bxd8 1-0

[Event "Lichtenrader Herbst 2019"]
[Site "Berlin"]
[Date "2019.10.18"]
[Round "7.20"]
[White "Grillich, Alexander"]
[Black "Kutschke, Jens"]
[Result "0-1"]
[WhiteElo "1924"]
[BlackElo "2002"]
[PlyCount "44"]
[EventDate "2019.??.??"]

1. e4 c5 2. Nf3 d6 3. d4 cxd4 4. Nxd4 Nf6 5. Nc3 g6 6. Bb5+ Bd7 7. Bxd7+ Nbxd7
8. O-O Bg7 9. Be3 O-O 10. f4 a6 11. Qf3 Rc8 12. Rf2 b5 13. Nd5 Nxd5 14. exd5
Qc7 15. c3 Nf6 16. Rd2 Qc4 17. Nb3 Qe4 18. Kf2 Qf5 19. Rdd1 Qc2+ 20. Qe2 Ng4+
21. Ke1 Nxe3 22. Qxe3 Qxb2 0-1

[Event "Lichtenrader Herbst 2019"]
[Site "Berlin"]
[Date "2019.10.18"]
[Round "7.21"]
[White "Kostanyan, Hakob"]
[Black "Tham, Nam"]
[Result "1/2-1/2"]
[WhiteElo "1887"]
[BlackElo "1927"]
[PlyCount "39"]
[EventDate "2019.??.??"]

1. e4 e5 2. Nf3 Nc6 3. Bc4 Bc5 4. c3 Nf6 5. d3 d6 6. b4 Bb6 7. a4 a6 8. a5 Ba7
9. Bg5 O-O 10. O-O Be6 11. Qb3 Qe7 12. Nbd2 h6 13. Bh4 Bxc4 14. Qxc4 Qe6 15.
Rfe1 Rae8 16. Bg3 g5 17. Rad1 Kh7 18. Qxe6 fxe6 19. Nc4 Nh5 20. Ne3 1/2-1/2

[Event "Lichtenrader Herbst 2019"]
[Site "Berlin"]
[Date "2019.10.18"]
[Round "7.22"]
[White "Riering, Berthold"]
[Black "Grassi, Fabrizio"]
[Result "1/2-1/2"]
[WhiteElo "1983"]
[BlackElo "1863"]
[PlyCount "99"]
[EventDate "2019.??.??"]

1. e4 d5 2. exd5 Nf6 3. Bb5+ Bd7 4. Be2 Nxd5 5. d4 Bf5 6. Nf3 e6 7. O-O Nc6 8.
a3 Be7 9. c4 Nb6 10. Nc3 Bf6 11. Be3 O-O 12. b4 Qd7 13. b5 Na5 14. c5 Nbc4 15.
Qa4 Nxe3 16. fxe3 b6 17. Rad1 Rad8 18. c6 Qc8 19. Na2 Be4 20. Nb4 Bd5 21. Nd2
Bg5 22. e4 Bxd2 23. exd5 Be3+ 24. Kh1 exd5 25. Bf3 Nc4 26. Nxd5 Rxd5 27. Bxd5
Nb2 28. Qb3 Nxd1 29. Bxf7+ Kh8 30. Rxd1 Qg4 31. Be6 Qf4 32. h3 Bxd4 33. Qb4 Be5
34. Qxf4 Bxf4 35. g4 g5 36. Rd7 Re8 37. Bf5 Re1+ 38. Kg2 Re2+ 39. Kf1 Re3 40.
Rxh7+ Kg8 41. Kg2 Rxa3 42. Rd7 a5 43. Bd3 Ra2+ 44. Kf3 Rh2 45. Ke4 Rxh3 46. Kf5
Rh6 47. Bc4+ Kf8 48. Bf7 Rd6 49. Rxd6 Bxd6 50. Bb3 1/2-1/2

[Event "Lichtenrader Herbst 2019"]
[Site "Berlin"]
[Date "2019.10.18"]
[Round "7.24"]
[White "Alten, Silvio"]
[Black "Kostic, Ivan"]
[Result "1-0"]
[WhiteElo "1893"]
[BlackElo "1698"]
[PlyCount "77"]
[EventDate "2019.??.??"]

1. e4 e5 2. Nf3 Nc6 3. d4 exd4 4. Nxd4 Bc5 5. Be3 Nxd4 6. Bxd4 Bxd4 7. Qxd4 Nf6
8. e5 Qe7 9. Be2 c5 10. Qe3 Nd5 11. Qe4 Nc7 12. Nc3 O-O 13. Nd5 Nxd5 14. Qxd5
Rb8 15. f4 b6 16. O-O-O Qe6 17. Kb1 Qxd5 18. Rxd5 Rd8 19. Rhd1 Kf8 20. g4 Ke7
21. Rd6 Rb7 22. f5 Rc7 23. f6+ gxf6 24. exf6+ Ke8 25. g5 Rc6 26. Rxc6 dxc6 27.
Rxd8+ Kxd8 28. Bd3 Bg4 29. Bxh7 Bh5 30. Kc1 Kd7 31. Kd2 Ke6 32. Ke3 b5 33. Kf4
a5 34. Bf5+ Kd6 35. c3 c4 36. h4 c5 37. Bg4 Bg6 38. h5 Bc2 39. Bf5 1-0

[Event "Lichtenrader Herbst 2019"]
[Site "Berlin"]
[Date "2019.10.18"]
[Round "7.25"]
[White "Casado Perez, Miguel"]
[Black "Ploder, Udo"]
[Result "1-0"]
[WhiteElo "1898"]
[BlackElo "1932"]
[PlyCount "91"]
[EventDate "2019.??.??"]

1. d4 Nf6 2. c4 c5 3. d5 b5 4. Qc2 bxc4 5. e4 e6 6. Bxc4 Bb7 7. Nc3 Be7 8. Nf3
exd5 9. exd5 d6 10. O-O O-O 11. Re1 Nbd7 12. h3 Re8 13. Bf4 Qb6 14. Rad1 Qb4
15. Nb5 Nb6 16. b3 Nxc4 17. bxc4 Bxd5 18. Rxd5 Nxd5 19. Bd2 a6 20. Nxd6 Bxd6
21. Rxe8+ Rxe8 22. Bxb4 Nxb4 23. Qa4 Rd8 24. g3 Be7 25. a3 Nd3 26. Qxa6 g6 27.
a4 Nb4 28. Qa7 Kf8 29. Ne5 Ke8 30. a5 f6 31. Ng4 Rd6 32. Qa8+ Kd7 33. Qb7+ Ke8
34. Qc8+ Kf7 35. Qh8 h5 36. Qh7+ Ke6 37. Ne3 h4 38. Qxg6 hxg3 39. Qg4+ Kf7 40.
Qxg3 Bf8 41. Nf5 Rd3 42. Qh4 Ra3 43. Qh7+ Ke6 44. Ne3 Bd6 45. Qg8+ Kd7 46. Qf7+
1-0

[Event "Lichtenrader Herbst 2019"]
[Site "Berlin"]
[Date "2019.10.18"]
[Round "7.26"]
[White "Verbitsky, Jaroslaw"]
[Black "Franz, Franz Theodor"]
[Result "1-0"]
[WhiteElo "1853"]
[BlackElo "1545"]
[PlyCount "49"]
[EventDate "2019.??.??"]

1. c4 g6 2. g3 Bg7 3. Bg2 d6 4. Nc3 e5 5. d3 Nc6 6. Rb1 f5 7. Bd2 Nf6 8. b4 a6
9. e3 O-O 10. Nge2 Kh8 11. O-O g5 12. a4 a5 13. b5 Nb4 14. Bc1 Nh5 15. Ba3 c5
16. bxc6 Nxc6 17. Nb5 Rf6 18. Nec3 Rh6 19. Nxd6 Qd7 20. Nd5 f4 21. Nb6 Qe6 22.
Bd5 Qh3 23. Nf7+ Kg8 24. Nxh6+ Kh8 25. Nf7+ 1-0

[Event "Lichtenrader Herbst 2019"]
[Site "Berlin"]
[Date "2019.10.18"]
[Round "7.27"]
[White "Kievelitz, Bernd"]
[Black "Noeldner, Julian"]
[Result "0-1"]
[WhiteElo "1744"]
[BlackElo "2051"]
[PlyCount "62"]
[EventDate "2019.??.??"]

1. Nf3 Nf6 2. c4 c5 3. d4 cxd4 4. Nxd4 Nc6 5. Nc3 e6 6. Bf4 d5 7. cxd5 Nxd5 8.
Bg3 Nxc3 9. bxc3 Nxd4 10. Qxd4 Qxd4 11. cxd4 Bb4+ 12. Kd1 Bc3 13. Rc1 Bxd4 14.
e3 Bb6 15. Bb5+ Bd7 16. Bxd7+ Kxd7 17. Ke2 Rad8 18. Rhd1+ Ke7 19. Bc7 Rxd1 20.
Kxd1 Rc8 21. Bxb6 Rxc1+ 22. Kxc1 axb6 23. Kc2 Kd6 24. Kc3 Kc5 25. a3 Kb5 26.
Kb3 Ka5 27. e4 e5 28. g3 b5 29. f4 f6 30. f5 Kb6 31. Kb4 Kc6 0-1

[Event "Lichtenrader Herbst 2019"]
[Site "Berlin"]
[Date "2019.10.18"]
[Round "7.28"]
[White "Federau, Juergen"]
[Black "Fock, Amina"]
[Result "1/2-1/2"]
[WhiteElo "2083"]
[BlackElo "1749"]
[PlyCount "123"]
[EventDate "2019.??.??"]

1. d4 Nf6 2. c4 e6 3. g3 Bb4+ 4. Bd2 a5 5. Bg2 O-O 6. Nf3 d6 7. O-O Bxd2 8.
Qxd2 Nbd7 9. Nc3 e5 10. Rfd1 Qe7 11. Qc2 Nb6 12. b3 Bd7 13. dxe5 dxe5 14. Nd2
Bc6 15. e4 Nbd7 16. Nd5 Bxd5 17. cxd5 Nc5 18. Rac1 b6 19. a3 Rfb8 20. Bf1 Ne8
21. Bb5 Nd6 22. Bc6 Ra7 23. Re1 Na6 24. Qc3 Nb7 25. Bxb7 Rbxb7 26. Nc4 f6 27.
Ra1 Qc5 28. Rec1 Nb8 29. Qd2 Qf8 30. Rc2 c6 31. dxc6 Rc7 32. Nxb6 Ra6 33. Nd7
Nxd7 34. cxd7 Rd6 35. Rxc7 Rxd2 36. Rc8 Rxd7 37. Rxf8+ Kxf8 38. Kg2 Rd4 39. Re1
Rd2 40. g4 Ra2 41. a4 Rd2 42. h4 Rd3 43. Re3 Rd4 44. Kg3 Kf7 45. f3 Kg6 46. Rc3
Rb4 47. Kf2 h5 48. Kg3 hxg4 49. Kxg4 Kh6 50. h5 Rb6 51. Rc8 Kh7 52. Rc5 Rxb3
53. Rxa5 Rb1 54. Ra8 Rg1+ 55. Kh4 Rf1 56. Kg4 Rg1+ 57. Kh3 Rf1 58. Kg2 Ra1 59.
a5 Kh6 60. a6 Kxh5 61. a7 Kg6 62. Kg3 1/2-1/2

[Event "Lichtenrader Herbst 2019"]
[Site "Berlin"]
[Date "2019.10.18"]
[Round "7.29"]
[White "Dathe, Frederick"]
[Black "Kraft, Adrian"]
[Result "1-0"]
[WhiteElo "2084"]
[BlackElo "1672"]
[PlyCount "77"]
[EventDate "2019.??.??"]

1. c4 g6 2. g3 Bg7 3. Bg2 d6 4. Nc3 Nf6 5. e4 Nc6 6. Nge2 O-O 7. O-O e5 8. d3
Be6 9. Nd5 Bxd5 10. cxd5 Ne7 11. Qb3 b6 12. h3 Nd7 13. Be3 f5 14. f4 Kh8 15.
Qc2 fxe4 16. dxe4 c6 17. dxc6 Rc8 18. Qd2 Rxc6 19. Rac1 Nc5 20. Rfd1 Qd7 21. b4
Nb7 22. Rxc6 Nxc6 23. a3 Rc8 24. Qd3 Nb8 25. f5 Qa4 26. g4 Qc2 27. g5 Qxd3 28.
Rxd3 Rc2 29. Kf1 Na6 30. f6 Bf8 31. Bf3 Nc7 32. Nc3 Nd8 33. Bd1 Rh2 34. Bd2 d5
35. exd5 e4 36. Nxe4 Rh1+ 37. Ke2 Rh2+ 38. Nf2 Nf7 39. Bf4 1-0

[Event "Lichtenrader Herbst 2019"]
[Site "Berlin"]
[Date "2019.10.18"]
[Round "7.30"]
[White "Seitz, Manuel"]
[Black "Heuer, Thomas"]
[Result "0-1"]
[WhiteElo "1809"]
[BlackElo "2068"]
[PlyCount "84"]
[EventDate "2019.??.??"]

1. e4 c6 2. d4 d5 3. exd5 cxd5 4. Bd3 Nc6 5. c3 Nf6 6. Bf4 Bg4 7. Qb3 Na5 8.
Qa4+ Bd7 9. Qc2 Rc8 10. h3 Nc6 11. Qe2 g6 12. Nf3 Nh5 13. Bg5 h6 14. Be3 Qc7
15. Qd2 Nf6 16. Bf4 Qb6 17. O-O g5 18. Bh2 g4 19. hxg4 Nxg4 20. Bf4 Bg7 21. Re1
Qd8 22. Na3 a6 23. Nc2 h5 24. c4 dxc4 25. Bxc4 Na5 26. Bd3 Nc4 27. Qb4 b5 28.
b3 a5 29. Qc3 b4 30. Nxb4 axb4 31. Qxb4 Nb6 32. Bd6 Nd5 33. Qa3 Kf8 34. Bc5 Ra8
35. Qb2 Qc7 36. Qc2 Qf4 37. Bc4 Be6 38. Bxd5 Bxd5 39. Rxe7 Kg8 40. Rae1 Bf6 41.
Re8+ Kg7 42. Bf8+ Rxf8 0-1

[Event "Lichtenrader Herbst 2019"]
[Site "Berlin"]
[Date "2019.10.19"]
[Round "8.4"]
[White "Shishkin, Vadim"]
[Black "Krefenstein, Sergej"]
[Result "1-0"]
[WhiteElo "2428"]
[BlackElo "2139"]
[PlyCount "49"]
[EventDate "2019.??.??"]

1. d4 Nf6 2. c4 e6 3. Nc3 Bb4 4. Nf3 O-O 5. Bg5 h6 6. Bh4 d5 7. e3 Nbd7 8. cxd5
exd5 9. Bd3 Re8 10. O-O c6 11. Qc2 Bd6 12. Rae1 Be7 13. Bg3 Nh5 14. Nxd5 Nxg3
15. Nxe7+ Qxe7 16. hxg3 Nf6 17. Ne5 Be6 18. f4 Rad8 19. f5 Bc8 20. Bc4 Nd5 21.
e4 Nb4 22. Qb3 Rf8 23. Bxf7+ Rxf7 24. Nxf7 Rxd4 25. Nxh6+ 1-0